| 000 | 00663nam a2200229Ia 4500 | ||
|---|---|---|---|
| 003 | OSt | ||
| 005 | 20140324103042.0 | ||
| 008 | 140130s9999 xx 000 0 und d | ||
| 020 | _a9780439728201 | ||
| 050 |
_aM 326 _bAd237 2005 |
||
| 100 | _aAdler, David. | ||
| 245 |
_cDavid A. Adler. _aEnemies of slavery / |
||
| 260 |
_bScholastic Inc., _cc2005. _aUSA : |
||
| 300 |
_a32 p. : _bcol. ill. ; _c30 cm. |
||
| 440 | _v1 | ||
| 521 | _aG10 | ||
| 526 | _c1040 | ||
| 650 |
_aAbolitionists _xUnited States _xBiography _xJuvenile literature. |
||
| 650 |
_aAntislavery movements _xUnited States _xHistory _xJuvenile literature. |
||
| 942 |
_cBK _2lcc |
||
| 999 |
_c41390 _d41390 |
||